Catálogo público

The advanced theory of statistics (Record no. 27392)

MARC details
000 -CABECERA
campo de control de longitud fija 01217cam a22003377a 4500
003 - IDENTIFICADOR DEL NÚMERO DE CONTROL
campo de control CHAP
005 - FECHA Y HORA DE LA ÚLTIMA TRANSACCIÓN
campo de control 20220329134858.0
008 - DATOS DE LONGITUD FIJA--INFORMACIÓN GENERAL
campo de control de longitud fija 971013c19581961enk r 00010 eng d
010 ## - NÚMERO DE CONTROL DE LA BIBLIOTECA DEL CONGRESO
Número de control de LC 27392
011 ## - ENLACE DEL NUMERO DE CONTROL DE LA BIBLIOTECA DEL CONGRESO [OBSOLETO]
Número de control de LC 28364
035 ## - NÚMERO DE CONTROL DEL SISTEMA
Número de control de sistema 32468
040 ## - FUENTE DE LA CATALOGACIÓN
Centro/agencia transcriptor CHAP
082 04 - NÚMERO DE LA CLASIFICACIÓN DECIMAL DEWEY
Número de clasificación 311
Número de documento/Ítem K45
100 00 - ENTRADA PRINCIPAL--NOMBRE DE PERSONA
Nombre de persona Kendall, Maurice George.
9 (RLIN) 63012
245 14 - MENCIÓN DE TÍTULO
Título The advanced theory of statistics
Mención de responsabilidad, etc. /por Maurice George Kendall y Alan Stuart
260 ## - PUBLICACIÓN, DISTRIBUCIÓN, ETC.
Lugar de publicación, distribución, etc. London :
Nombre del editor, distribuidor, etc. Charles Griffin,
Fecha de publicación, distribución, etc. 1958-1961
300 ## - DESCRIPCIÓN FÍSICA
Extensión 3 v.
505 0# - NOTA DE CONTENIDO CON FORMATO
Nota de contenido con formato Contenido : v.1 Distribution theory.-- v.2 Inference and relationship
590 ## - NOTA LOCAL (RLIN)
Nota local BATCH-UPD
Procedencia (VM) [OBSOLETO] 10
Condición del los carretes individuales (VM) [OBSOLETO] 20130110
-- UCH01
-- 2058
590 ## - NOTA LOCAL (RLIN)
Nota local BATCH-UPD
Procedencia (VM) [OBSOLETO] 10
Condición del los carretes individuales (VM) [OBSOLETO] 20130410
-- UCH01
-- 1411
590 ## - NOTA LOCAL (RLIN)
Nota local BATCH-UPD
Procedencia (VM) [OBSOLETO] 10
Condición del los carretes individuales (VM) [OBSOLETO] 20130914
-- UCH01
-- 1323
590 ## - NOTA LOCAL (RLIN)
Nota local CONVERSION
Procedencia (VM) [OBSOLETO] 10
Condición del los carretes individuales (VM) [OBSOLETO] 20130109
-- UCH01
-- 1316
650 14 - PUNTO DE ACCESO ADICIONAL DE MATERIA--TÉRMINO DE MATERIA
Término de materia o nombre geográfico como elemento de entrada Estadística.
9 (RLIN) 38241
700 0# - PUNTO DE ACCESO ADICIONAL--NOMBRE DE PERSONA
Nombre de persona Stuart, Alan.
9 (RLIN) 110036
901 ## - ELEMENTOS DE DATOS A LOCAL LDA (RLIN)
a BK
942 ## - ELEMENTOS DE PUNTO DE ACCESO ADICIONAL (KOHA)
Tipo de ítem Koha Libro
949 ## - PROCESAMIENTO DE INFORMACIÓN LOCAL (OCLC)
a 311 K45
b BC
c LIBRO
d 33724000296398
e LIBRO
f v.1
h 890
i 32468
s i
949 ## - PROCESAMIENTO DE INFORMACIÓN LOCAL (OCLC)
a 311 K45
b BC
c LIBRO
d 33724000296406
e LIBRO
f v.1 c.2
h 891
i 32468
s i
949 ## - PROCESAMIENTO DE INFORMACIÓN LOCAL (OCLC)
a 311 K45
b BC
c LIBRO
d 33724000296422
e LIBRO
f v.2
h 892
i 32468
s i
949 ## - PROCESAMIENTO DE INFORMACIÓN LOCAL (OCLC)
a 311 K45
b BC
c LIBRO
d 33724000296455
e LIBRO
f v.2 c.2
h 893
i 32468
s i
Holdings
Estado de retiro Estado de pérdida Fuente del sistema de clasificación o colocación Estado dañado Restricciones de uso No para préstamo Código de colección Localización permanente Ubicación/localización actual Ubicación en estantería Fecha de adquisición Información codificada de la localización en otra ubicación Total de préstamos Signatura topográfica completa Código de barras Fecha visto por última vez Número de copia Precio válido a partir de Tipo de ítem Koha
    Dewey Decimal Classification   Préstamo 15 días   General Biblioteca Central Biblioteca Central Planta alta - Colección General 31/12/2019 LIBRO   311 K45 33724000296398 31/12/2019 v.1 31/12/2019 Libro
    Dewey Decimal Classification   Préstamo 15 días   General Biblioteca Central Biblioteca Central Planta alta - Colección General 31/12/2019 LIBRO   311 K45 33724000296406 31/12/2019 v.1 c.2 31/12/2019 Libro
    Dewey Decimal Classification   Préstamo 15 días   General Biblioteca Central Biblioteca Central Planta alta - Colección General 31/12/2019 LIBRO   311 K45 33724000296422 31/12/2019 v.2 31/12/2019 Libro
    Dewey Decimal Classification   Préstamo 15 días   General Biblioteca Central Biblioteca Central Planta alta - Colección General 31/12/2019 LIBRO   311 K45 33724000296455 31/12/2019 v.2 c.2 31/12/2019 Libro